Japan : Its history and culture

Bibliographic Details
Main Author: Morton, W. Scott
Format: Book
Published: New York : McGarw-Hill,Inc. , 1994
Subjects:

MARC

LEADER 00000cam a2200000 7i4500
001 0000008598
002 000009373
005 20000330.0
020 |a 0070434239 
090 0 0 |a 952   |b MOR 
100 1 |a Morton, W. Scott 
245 1 0 |a Japan :   |b Its history and culture   |c W.Scott Morton 
260 |a New York :   |b McGarw-Hill,Inc. ,   |c 1994 
300 |a 311p. ;   |c 22cm. 
650 0 0 |a Japan   |x History 
999 |a 040927   |b BUKU   |c PINJAMAN   |e PERPUSTAKAAN KOMUNITI PETALING JAYA